MARC

LEADER 00000nam0a2200000 4500
001 1309
005 20231030173100.0
010 |a 587373027X 
035 |a (RuTPU)RU\TPU\book\1316 
035 |a BOOK00001318 
090 |a 1309 
100 |a 20011209d1995 m y0rusy50 ca 
101 0 |a rus 
102 |a RU 
105 |a a z 000zy 
200 1 |a Программирование мультимедиа-приложений  |f В. Б. Комягин 
210 |a Москва  |c ЭКОМ  |d 1995 
215 |a 329 с.  |c ил. 
610 1 |a электронные вычислительные машины 
610 1 |a ЭВМ 
610 1 |a программирование 
610 1 |a мультимедиа 
610 1 |a Windows 
610 1 |a трансляторы 
610 1 |a C 
610 1 |a Borland C++ 
610 1 |a Visual C++ 
610 1 |a Borland Pascal 
675 |a 681.3.01  |v 3 
700 1 |a Комягин  |b В. Б.  |g Валерий Борисович 
801 0 |a RU  |b 63413507  |c 20011209  |g PSBO 
801 2 |a RU  |b 63413507  |c 20120405  |g PSBO 
942 |c BK